000 00683nam a2200289Ia 4500
005 20260324130652.0
008 008 260324s9999 xx 000 0 eng d
020 _a9781003576440
037 _aEBOOK
040 _aCRL
040 _beng
040 _cCRL
041 _2eng
041 _aeng
084 _qCRL
100 _aCarlos Venegas
_91182648
245 0 _aFlow in the Office
245 0 _bImplementing and Sustaining Lean Improvements
260 _bTaylor and Francis
260 _c2007
365 _a
365 _b290
856 _uhttp://www.taylorfrancis.com/books/9781003576440
942 _cEBOOK
999 _c1779021
_d1779021